000 00447cam a22001457a 4500
008 180718b1984 xxu||||| |||| 00| 0 eng d
082 _aAPPPA 83-84 GOY
100 _aGoyal, S.S.
245 _aImpact of department policy on finances of Indian railways
_cby S.S. Goyal
260 _aNew Delhi
_bIndian Institute of Public Administration
_c1984
300 _a120p.
650 _aIndian railways
650 _aFinances
650 _aDepartment policy
999 _c501331
_d501331